Catàleg del Col·legi de Periodistes de Catalunya

Secrets de guerra (Registre núm. 6912)

000 -CABECERA
Longitud fija campo de control 00690nam a22002057a 4500
003 - IDENTIFICADOR DEL NÚMERO DE CONTROL
Identificador del número de control OSt
005 - FECHA Y HORA DE LA ÚLTIMA TRANSACCIÓN
Fecha y hora de la última transacción 20160223170846.0
008 - CÓDIGOS DE INFORMACIÓN DE LONGITUD FIJA
Códigos de información de longitud fija 160223s2012 spc|||| |||| 0|0 0 cat|d
017 ## - NÚMERO DE COPYRIGHT O DE DEPÓSITO LEGAL
Número de copyright o de depósito legal DL B. 4572-2012
Agencia que asigna el número Biblioteca de Catalunya
020 ## - NÚMERO INTERNACIONAL NORMALIZADO PARA LIBROS
Número Internacional Normalizado para Libros (ISBN) 9788415224532
040 ## - FUENTE DE LA CATALOGACIÓN
Centro transcriptor CDMR
100 1# - PUNTO DE ACCESO PRINCIPAL-NOMBRE DE PERSONA
Nombre de persona Valle, Nicolás
245 10 - MENCIÓN DE TÍTULO
Título Secrets de guerra
Resto del título : el preu d'informar en zones de perill
Mención de responsabilidad, etc. Nicolás Valle
260 ## - PUBLICACIÓN, DISTRIBUCIÓN, ETC. (PIE DE IMPRENTA)
Lugar de publicación, distribución, etc. Badalona
Nombre del editor, distribuidor, etc. Ara Llibres
Fecha de publicación, distribución, etc. 2012
300 ## - DESCRIPCIÓN FÍSICA
Extensión 250 p., [8] f. de làm. :
Otras características físicas il. col. ;
Dimensiones 24 cm
600 17 - PUNTO DE ACCESO ADICIONAL DE MATERIA - NOMBRE DE PERSONA
Nombre de persona Valle, Nicolás
Fuente de encabezamiento o te&ecute,rmino lemac
650 #0 - PUNTO DE ACCESO ADICIONAL DE MATERIA - TÉRMINO DE MATERIA
Término de materia o nombre geográfico como elemento inicial Corresponsals de guerra
Fuente del encabezamiento o término lemac
9 (RLIN) 3678
Subdivisión de forma Relats personals
650 #0 - PUNTO DE ACCESO ADICIONAL DE MATERIA - TÉRMINO DE MATERIA
Término de materia o nombre geográfico como elemento inicial Guerra
Subdivisión de materia general Cobertura periodística
Subdivisión cronológica S. XXI
Fuente del encabezamiento o término lemac
9 (RLIN) 4235
942 ## - ENTRADA DE ELEMENTOS AGREGADOS (KOHA)
Koha [por defecto] tipo de item Monografies
Fons
Suprimido Perdido Estropeado No para préstamo Localización permanente Localización actual Fecha adquisición Fuente de adquisición Coste, precio normal de compra Préstamos totales Renovaciones totales Signatura completa Código de barras Fecha última consulta Fecha último préstamo Coste, precio reemplazado Fecha del precio de reemplazo Tipo de item de Koha
        Centre de Documentació Montserrat Roig Centre de Documentació Montserrat Roig 2016-02-23 Intercanvi 18.50 8 7 Du 1/134 CDMR16020003 2020-09-17 2020-07-30 18.50 2016-02-23 Monografies

Implantat amb Koha